Derecho sindical
Gorde:
| Egile nagusia: | |
|---|---|
| Formatua: | Liburua |
| Hizkuntza: | gaztelania |
| Argitaratua: |
Montevideo
Fundación de Cultura Universitaria
1998
|
| Edizioa: | 1a. ed |
| Gaiak: | |
| Etiketak: |
Etiketa erantsi
Etiketarik gabe, Izan zaitez lehena erregistro honi etiketa jartzen!
|
MARC
| LEADER | 00000nam a2200000 a 4500 | ||
|---|---|---|---|
| 001 | UCK7205 | ||
| 003 | CL-VaPUC | ||
| 008 | 051111e19980000UY |||||||||||||||||spa|d | ||
| 020 | |a 9974201977 | ||
| 082 | 0 | 4 | |a 331.8 |b MAN |2 21 |
| 100 | |a Matero de San Vicente, Osvaldo |e autor |9 496670 | ||
| 245 | 1 | 0 | |a Derecho sindical |
| 250 | |a 1a. ed | ||
| 300 | |a 388 p | ||
| 942 | |c BK | ||
| 945 | |d 20051111 00:00:00 |a cmena | ||
| 260 | |a Montevideo |b Fundación de Cultura Universitaria |c 1998 | ||
| 650 | 7 | |a DERECHOS SINDICALES |2 CL-VaPUC |9 16 | |
| 650 | 0 | |a Naturaleza jurídica |9 371885 | |
| 650 | 7 | |a DERECHO DE ASOCIACION |2 CL-VaPUC |9 496671 | |
| 650 | 7 | |a MOVIMIENTO SINDICAL |2 CL-VaPUC |9 469553 | |
| 650 | 0 | |a Sindicatos |9 255034 | |
| 583 | |a last modification |c 20051111 00:00:00 |k Rodrigo Vera | ||
| 999 | |c 315245 |d 315243 | ||
| 952 | |0 0 |1 0 |4 0 |6 331_800000000000000_MAN_1998 |7 0 |8 A |9 388235 |a BIBDER |b BIBDER |d 2019-11-22 |i 4175468 |o 331.8 MAN 1998 |p 4175468 |r 2023-01-25 |w 2019-11-22 |y BK |k DER | ||